Cuentos de maravillas /
Guardado en:
| Autor Principal: | |
|---|---|
| Otros Autores: | |
| Formato: | Libro |
| Publicado: |
Buenos Aires :
Sudamericana,
2014
|
| Series: | Cuentamérica / Gigliola Zecchin
|
| Materias: | |
| Etiquetas: |
Agregar Etiqueta
Sin Etiquetas, Sea el primero en etiquetar este registro!
|
| LEADER | 00956nam a22002535a 4500 | ||
|---|---|---|---|
| 001 | CEM.cems015248 | ||
| 005 | 20191028154330.0 | ||
| 008 | 130507s2014##################000#0#####d | ||
| 003 | CEMS | ||
| 020 | |a 9789500749749 | ||
| 082 | 0 | 4 | |a A868.4 |
| 100 | 1 | |a Montes, Graciela | |
| 245 | 1 | 0 | |a Cuentos de maravillas / |c Graciela Montes ; ilustrado Por Laberto Pez |
| 260 | |a Buenos Aires : |b Sudamericana, |c 2014 | ||
| 300 | |a 64 p. | ||
| 490 | 0 | |a Cuentamérica / Gigliola Zecchin | |
| 505 | 0 | |a Para acercarnos -- El pozo de la alegría -- Los siete pares de zapatos -- El viborón del río -- La ranita encantada -- La muchacha de la estrella -- Dónde encontramos estos cuentos | |
| 653 | |a Literatura | ||
| 653 | |a Literatura argentina | ||
| 653 | |a Literatura infantil | ||
| 653 | |a Cuentos infantiles | ||
| 653 | |a Colección ciencias de la educación | ||
| 700 | 1 | |a Pez, Alberto; il. | |
| 859 | |a CEMS |b BIB. CEMS - Ccias. Educacion |h A868.4 |i M764-2 |k CE |p 28456.19 |t Ej.1 | ||
